000 01565na a2200433 4500
001 19308
003 MIRAKIL
005 20181213155127.0
008 161213b tu 000 0
035 _a19308
040 _aMilas
_btur
_cTR-AnCHP
041 _atur
082 _aCHP 321.07
_bB29y 1994
090 _aBROŞÜR 27
100 _aBaykal, Deniz
240 _aYeni Hedefler... Yeni Türkiye...
245 _aYeni Hedefler... Yeni Türkiye...
_bDürüst yönetim, açık toplum
_c[Deniz Baykal]
246 _aDürüst yönetim, açık toplum
260 _aAnkara
_bCHP
_c1994
300 _a5 s.
_c19 sm.
490 _aCumhuriyet Halk Partisi yayınları
500 _a40 kopya.
500 _aDış kapakta başka yapıt adı: CHP : Değişimin gücü
600 _aBaykal, Deniz
_cCHP Genel Başkanı
_xDevlet ve yönetim sistemleri
_yİlkeler
600 _aBaykal, Deniz
_xSeçim kampanyaları, 1994
_yDevlet ve yönetim sistemleri
610 _aCHP
_xSiyaset ve yönetim
_yBaykal dönemi
610 _aAnavatan Partisi (ANAP)
_xYolsuzluklar
610 _aCHP
_xDevlet ve yönetim sistemleri
_yÇözüm önerileri
610 _aCHP
_xSeçim kampanyaları, 1994
_yDevlet ve yönetim sistemleri
650 _aDYP-SHP koalisyonu
_xYolsuzluklar
651 _aTürkiye
_xSiyaset ve yönetim
_y1980-2000
657 _aYeni hedefler yeni Türkiye kampanyası
710 _aCHP
740 _aYeni Hedefler... Yeni Türkiye...
740 _aCHP : Değişimin gücü
830 _aCHP Yayınları
942 _2ddc
_cBKS
999 _c7090
_d7090